000 01051nam a2200265Ia 4500
003 OSt
005 20221005105320.0
006 a|||||r|||| 00| 0
007 ta
008 221004b |||||||| |||| 00| 0 hin d
020 _a9788170546566 (hbk)
_c300
024 _a21945
037 _b87, 09/02/2015, Mallika Books
_cTextual
040 _aCRL
_cCRL
_bhin
041 _2hin
_ahin
082 _aO152:g(Y15), Q4
100 _aराय, वर्षा
245 0 _aहिन्दी साहित्य में स्त्री असमानता एवं वीर नारियॉं
246 _aHindī sāhitya mean strī asamānatā evan vīr nāriyaॉan
260 _aनई दिल्ली
_bक्लासिकल पब्लिशिग कम्पनी भारत
_c2014
300 _a80पृ0
_ccm.
650 _aहिन्दी साहित्य
942 _hO152:g(Y15), Q4
_cTEXL
_2cc
999 _c1015444
_d1015444